00583nam a2200145Ia 4500008004100000020001800041050002500059100002200084245011000106260002900216300003600245500005200281650006000333700004400393120721s9999 xx 000 0 und d a970-15-0760-6 aQA76.9D3 B3647 c2002 aLuque Ruiz, Irene aBases de datos : desde Chen hasta Codd con oracle / Irene Luque Ruiz, Miguel Angel Gomez Nieto...[et al.] aMadrid : España, c2002 a422 p. : il. ; 22 cm + 1 cd-rom aIncluye cd-rom con los ejercicios de los libros a1. Bases de datos 2. Administración de bases de datos aI. Gomez Nieto, Miguel Angel, coaut.Ì